El Patronato Nacional de la Montaña de Montserrat : primera visita oficial al territorio de la misma y al Monasterio. primera visita oficial al territorio de la misma y al Monasterio.
Colección:
San Jorge,
; núm. 5 (gener 1952), pàg 43
Materias:
Patronat de la Muntanya de Montserrat
; Montserrat (Monestir)
; Visites oficials -- Barcelona (Província)
Idioma:
Español
MARC
| LEADER | 00000naa a2200000 a 4500 | ||
|---|---|---|---|
| 003 | Arxiu | ||
| 005 | 20260324181041.0 | ||
| 008 | 160829s1952 spc xx s spa c | ||
| 040 | |a agdb | ||
| 245 | 0 | 3 | |a El Patronato Nacional de la Montaña de Montserrat : |b primera visita oficial al territorio de la misma y al Monasterio. |
| 490 | |a San Jorge, |v núm. 5 (gener 1952), pàg 43 | ||
| 610 | 2 | 0 | |a Patronat de la Muntanya de Montserrat |9 51377 |
| 610 | 2 | 0 | |a Montserrat (Monestir) |9 54252 |
| 650 | 0 | |9 54039 |a Visites oficials |z Barcelona (Província) | |
| 773 | |t San Jorge. |g Núm. 5 (gener 1952), pàg 43 | ||
| 901 | |a Arxiu | ||
| 942 | |n 1 |2 udc |c ART | ||
| 952 | |0 0 |1 0 |4 0 |6 REV508 |7 1 |9 64607 |a Arxiu |b Arxiu |d 2022-12-02 |l 0 |o Rev-508 |r 2022-12-02 00:00:00 |w 2022-12-02 |y ARXIU |z També disponible a Rev-521 | ||
| 999 | |c 49050 |d 49050 | ||